| 000 | 00862nam a2200217 a 4500 | ||
|---|---|---|---|
| 005 | 20210223125146.0 | ||
| 008 | 031007s1988 mx r 000 0 spa d | ||
| 020 | _a968360501X | ||
| 035 | _aUPN01000129673 | ||
| 049 | _aCG | ||
| 050 | 4 |
_aBX1429 CH2 _bN8.2 |
|
| 100 | 1 |
_aNúñez de la Vega, Francisco, _d1632-1706 _942286 |
|
| 245 | 1 | 0 |
_aConstituciones diocesanas del Obispado de Chiapa / _cFrancisco Núñez de la Vega ; ed. preparada por María del Carmen León Cázares. |
| 260 |
_aMéxico : _bUNAM, Instituto de Investigaciones Filológicas, _c1988. |
||
| 300 | _a836 p. | ||
| 440 | 0 |
_aFuentes para el estudio de la cultura maya ; _v6 |
|
| 650 | 4 |
_aIGLESIA CATOLICA EN CHIAPAS - _xHISTORIA _927122 |
|
| 650 | 4 |
_aIGLESIA CATOLICA - _xOBRAS DOCTRINALES Y DE CONTROVERSIA _927121 |
|
| 700 | 1 |
_aLeón Cázares, María del Carmen, _eed. _941722 |
|
| 905 | _aLibro | ||
| 999 |
_c101841 _d101841 |
||